000 00787nam a2200301Ia 4500
003 OSt
005 20220912150716.0
006 a|||||r|||| 00| 0
007 ta
008 220909b |||||||| |||| 00| 0 eng d
020 _a3540666419 (hbd)
024 _a8802
037 _bHindustan,
037 _cTextual
040 _aCSL
_beng
_cCSL
041 _aeng
082 _aB2, P0
100 _aSerre Jean-Pierre
245 0 _aLocal algebra
260 _aBerlin
_bSpringer-Verlag
_c2000
300 _axiii, 128p
490 _aSpringer monographs in mathematics
500 _aBibliography 123-126p; Index 127-128p
650 _a Algebra
650 _aMathematics
942 _hB2, P0
_cTEXL
_2CC
999 _c53061
_d53061